000 00786nam a2200277Ia 4500
005 20260324112509.0
008 008 260324s9999 xx 000 0 eng d
020 _a9781003371250
037 _aEBOOK
040 _aCRL
040 _beng
040 _cCRL
041 _2eng
041 _aeng
084 _qCRL
100 _aUma N. Dulhare; A. V. Senthil Kumar; Amit Dutta; Seddik Bri; Ibrahiem M. M. El Emary
_91142938
245 0 _aHandbook of Research on Artificial Intelligence and Soft Computing Techniques in Personalized Healthcare Services
260 _bTaylor and Francis
260 _c2024
365 _a
365 _b400
856 _uhttp://www.taylorfrancis.com/books/9781003371250
942 _cEBOOK
999 _c1732173
_d1732173